| 000 | 00400nam a2200133Ia 4500 | ||
|---|---|---|---|
| 008 | 220204s9999 xx 000 0 und d | ||
| 082 |
_a631:911 _bNOO.5 |
||
| 245 | 0 | _aPerspectives in agricultural geography: Human dimension in agriculture. V 5. | |
| 260 |
_aNew Delhi _bConcept _c1981 |
||
| 650 | _aAgricultural geography | ||
| 650 | _aAgricultural resources | ||
| 700 | _aNOOR MOHAMMED | ||
| 942 | _cBK | ||
| 999 |
_c36600 _d36600 |
||